000 00520nam a2200205Ia 4500
005 20240823035946.0
008 240823s9999||||xx |||||||||||||| ||und||
020 _a81-259-0899.4
041 _aENGLISH
082 _A620.1 P2
100 _aRajasekaran S
245 0 _aEngineering Mechanics statics and dynamics
250 _a1st
260 _c2002
_b"Vikas Pub.,New "
_aNew Delhi
500 _aTRANSFERED
650 _aMechanics
_bMechanical
700 _a Sankarasubramanian G
942 _cBK
999 _c201935
_d201935